Music Quiz

Random Music or Famous Quiz

Lead Singer Name Match-up Quiz Stats

Quiz Updated Jul 17, 2015

Also try: Band Name Match Up
Challenge
Share
Tweet
Score 0/40 Timer 05:00
7 Plays Today
% Correct
Ozzy
98.4%
Jimi
98.4%
Elvis
98.3%
Mick
98.1%
John
97.9%
David
97.7%
Bruce
97.6%
Kurt
97.6%
Freddie
97.6%
Bob
96.1%
Janis
95.9%
Axl
95.6%
Steven
90.8%
Jim
90%
Van
87.9%
Robert
87.3%
Peter
85.6%
Neil
84.3%
Lou
83.3%
Roger
80.5%
% Correct
Don
75.8%
Joey
75.8%
Jerry
75.4%
Sly
73.6%
Sammy
73.3%
John
71.4%
Gregg
67.2%
Anthony
66.7%
Thom
63.6%
Paul
58.9%
David
57.6%
Grace
55.3%
Geddy
52.5%
Ray
49.9%
Bon
48.5%
Eric
41.7%
Billy
40.9%
Levon
37.2%
Mark
22.3%
Doug
20%

You're not logged in!

Compare scores with friends on all Sporcle quizzes.
Join for Free
OR
Log In

You Might Also Like...

Show Comments

Extras

Top Quizzes Today


Score Distribution

Your Account Isn't Verified!

In order to create a playlist on Sporcle, you need to verify the email address you used during registration. Go to your Sporcle Settings to finish the process.

Report this User

Report this user for behavior that violates our Community Guidelines.

Details: